02463nam a2200385Ia 450000500170000000800410001702000150005804100080007308200160008110000260009724500640012325000210018730000410020865000390024965000460028894200120033426400330034633600270037933700330040633800280043904000350046799900150050295201300051795201300064795201320077795201290090995201300103895201300116895201300129895201320142895201280156095201290168895201290181795201310194620220316235938.0141017s2000 ck a gr 000 0 spa  a95841003780 aspa04a658.3bC33a1 aChiavenato, Idalberto10aAdministración de recursos humanos cIdalberto Chiavenato aQuinta edición a629 páginas bilustracionesc24 cm14aAdministración de personal2LEMB14aPlanificación de recursos humanos2LEMB 2ddccBK aBogotá bMcGraw-Hillc2000 atextobtxt2rdacontent asin mediaciónbn2rdamedia avolumenbnc2rdacarrier aCO-BoRNBPbspaerdacCO-BoRNBP c2683d2683 00102ddc40708GENaMEDORADObMEDORADOcGENd2023-01-10l0o658.3 C33apDOR00640r2023-01-10 00:00:00tEj.1w2023-01-10yBK 00102ddc40708GENaMEPRICObMEPRICOcGENd2023-02-01l0o658.3 C33apPR00000476r2023-02-01 00:00:00tEj.1w2023-02-01yBK 00102ddc40708GENaMEGUAMALbMEGUAMALcGENd2023-03-24l0o658.3 C33apGUA002703r2023-03-24 00:00:00tEj.1w2023-03-24yBK 00102ddc40708GENaMECASTILbMECASTILcGENd2023-07-31l0o658.3 C33apEC01224r2023-07-31 21:35:50tEj.1w2023-07-31yBK 00102ddc40708GENaMECUBARRbMECUBARRcGENd2023-08-10l0o658.3 C33apCUB02730r2023-08-10 22:14:45tEj.1w2023-08-10yBK 00102ddc40708GENaMESMARTIbMESMARTIcGENd2023-08-11l0o658.3 C33apSM001587r2023-08-11 20:17:46tEj.1w2023-08-11yBK 00102ddc40708GENaMEVHERMObMEVHERMOcGENd2023-10-09l0o658.3 C33apVIS00852r2023-10-09 21:38:03tEj.1w2023-10-09yBK 00102ddc40708GENaMEMAPIRIbMEMAPIRIcGENd2024-01-04l0o658.3 C33apMAP0000796r2024-01-04 21:13:17tEj.1w2024-01-04yBK 00102ddc40708GENaMEURIBEbMEURIBEcGENd2024-08-09l0o658.3 C33apURI00845r2024-08-09 12:18:29tEj.1w2024-08-09yBK 00102ddc40708GENaMESGUARObMESGUAROcGENd2025-06-04l0o658.3 C33apSG03219r2025-06-04 15:54:04tEj.1w2025-06-04yBK 00102ddc40708GENaMEBAUPIAbMEBAUPIAcGENd2025-07-08l0o658.3 C33apBUP1774r2025-07-08 15:57:51tEj.1w2025-07-08yBK 00102lcc40708GENaMEPCONCObMEPCONCOcGENd2026-02-19l0o658.3 C33apPCON02164r2026-02-19 15:25:00tEj.1w2026-02-19yBK